Every LeBron James Teammate in the Basketball Hall of Fame - Statistics

General Stats
  • This quiz has been taken 24 times
  • The average score is 4 of 7
Answer Stats
Years played Answer % Correct
2010–2014 Chris Bosh
86%
2010–2014, 2017–2018 Dwyane Wade
86%
2009–2010 Shaquille O'Neal
86%
2012–2014 Ray Allen
64%
2019–2020, 2021–2022 Dwight Howard
50%
2021–2022 Carmelo Anthony
41%
2008–2009 Ben Wallace
0%
No matching quizzes found
Score Distribution
Percent of People with Each Score
Percentile by Number Answered
Your Score History
You have not taken this quiz